10 investment biases that fried my nest eggs : (Record no. 14654)
[ view plain ]
| 000 -LEADER | |
|---|---|
| fixed length control field | 00279nam a22001095i 4500 |
| 020 ## - INTERNATIONAL STANDARD BOOK NUMBER | |
| ISBN | 9781547188956 |
| 040 ## - CATALOGING SOURCE | |
| Transcribing agency | DLC |
| 082 ## - DEWEY DECIMAL CLASSIFICATION NUMBER | |
| Classification number | 658 PAN 1982 A051 Or. |
| 245 00 - TITLE STATEMENT | |
| Title | 10 investment biases that fried my nest eggs : |
| Remainder of title | but i still made $900,000 / |
| 300 ## - PHYSICAL DESCRIPTION | |
| Number of Pages | pages cm |
| 942 ## - ADDED ENTRY ELEMENTS (KOHA) | |
| Koha item type | សៀវភៅភាសាអង់គ្លេស |
| 952 ## - LOCATION AND ITEM INFORMATION (KOHA) | |
| Withdrawn status [LOCAL, KOHA] | 0 |
| Permanent Location | Date acquired | Koha item type | Lost status | Shelving location | Barcode | Current Location | Full call number |
|---|---|---|---|---|---|---|---|
| Library Block A | 2017-10-24 | សៀវភៅភាសាអង់គ្លេស | A051 | A06641 | Library Block A | 658 PAN 1982 A051 Or. |